Statistiken für Nächste 10 Länder, die kleiner als Deutschland sind

Klicken Sie hier um das Quiz zu spielen!

Allgemein

  • Dieses Quiz wurde 161 mal gespielt
  • Das Durchschnittsergebnis liegt bei 6 aus 10

Antwortstatistiken

Größe km2Land% Korrekt
312,679Polen
91%
301,336Italien
87%
338,424Finnland
79%
323,802Norwegen
76%
331,212Vietnam
57%
330,803Malaysia
50%
309,500Oman
48%
322,463Elfenbeinküste
42%
342,000Republik Kongo
41%
300,000Philippinen
40%

Verteilung der Resultate

Perzentil nach korrekt beantworteten Fragen

Anzahl Personen mit jedem Resultat

Ihre Resultats-Entwicklung

Sie haben dieses Quiz noch nicht gespielt